00860nam a22002417a 450000500170000001000130001702000230003003500130005303700160006604000120008208200160009410000230011024500480013326000460018127000370022730000240026450000200028865000480030865000300035694200250038699900190041195201880043020170124105956.0 aA-612797 c00.00a81701874271 aA-612797 bCen Lib/Ret aDPLbEN a362.29bKAU aKual, Kumar914781 aYoga and drug addiction /cby H. Kumar Kaul a DelhibB.R publishing corporation c1993 b Delhia1, Ansari road daryaganj axvi,154p.c21cm(Hb) aIncludes index  aDrugs evaluation and rehabilitaions 914782 aYouth and society 914783 2ddccENh362.29mKAU c125564d125564 04104070aLbLd2015-06-22eCen Lib/Retg0.00l0o362.29 KAUpA-612797r2015-06-22 00:00:00t1v0.00w2015-06-22yENzWritten off on approval by DLB (By Circulation); dtd 15-06-2023